<?xml version="1.0" encoding="UTF-8"?>
<record
    xmlns:xsi="http://www.w3.org/2001/XMLSchema-instance"
    xsi:schemaLocation="http://www.loc.gov/MARC21/slim http://www.loc.gov/standards/marcxml/schema/MARC21slim.xsd"
    xmlns="http://www.loc.gov/MARC21/slim">

  <leader>02622nam a2200337 a 4500</leader>
  <controlfield tag="001">000047546</controlfield>
  <controlfield tag="003">OSt</controlfield>
  <controlfield tag="005">20250227073855.0</controlfield>
  <controlfield tag="008">090630s2017  dr      r     000 0 spa d</controlfield>
  <datafield tag="020" ind1=" " ind2=" ">
    <subfield code="a">9789945582482</subfield>
  </datafield>
  <datafield tag="040" ind1=" " ind2=" ">
    <subfield code="a">DO-SdBNP</subfield>
    <subfield code="b">spa</subfield>
    <subfield code="c">BNPHU</subfield>
  </datafield>
  <datafield tag="082" ind1=" " ind2=" ">
    <subfield code="a">330.97293</subfield>
    <subfield code="b">C744n 2016</subfield>
  </datafield>
  <datafield tag="111" ind1=" " ind2=" ">
    <subfield code="a">Concurso Biblioteca Juan Pablo Duarte</subfield>
    <subfield code="9">6999</subfield>
  </datafield>
  <datafield tag="245" ind1="1" ind2="0">
    <subfield code="a">Nueva literatura econ&#xF3;mica dominicana :</subfield>
    <subfield code="b">premios del Concurso de Econom&#xED;a Biblioteca "Juan Pablo Duarte" 2016 /</subfield>
    <subfield code="c">Nerys F. Ram&#xED;rez ... [et al.] ; edici&#xF3;n Jos&#xE9; Alc&#xE1;ntara Alm&#xE1;nzar.</subfield>
  </datafield>
  <datafield tag="260" ind1=" " ind2=" ">
    <subfield code="a">Santo Domingo :</subfield>
    <subfield code="b">Banco Central de la Rep&#xFA;blica Dominicana,</subfield>
    <subfield code="c">2017.</subfield>
  </datafield>
  <datafield tag="300" ind1=" " ind2=" ">
    <subfield code="a">xvi, 351 p. :</subfield>
    <subfield code="b">il., gr&#xE1;fcs. ;</subfield>
    <subfield code="c">23 cm.</subfield>
  </datafield>
  <datafield tag="490" ind1="1" ind2=" ">
    <subfield code="a">Banco Central de la Rep&#xFA;blica Dominicana ;</subfield>
    <subfield code="v">237</subfield>
    <subfield code="a">Nueva literatura econ&#xF3;mica dominicana ;</subfield>
    <subfield code="v">21</subfield>
  </datafield>
  <datafield tag="500" ind1=" " ind2=" ">
    <subfield code="a">Incluye referencias bibliogr&#xE1;ficas y notas al pie de las p&#xE1;ginas</subfield>
  </datafield>
  <datafield tag="505" ind1="0" ind2=" ">
    <subfield code="a">Presentaci&#xF3;n --</subfield>
    <subfield code="t">Introducci&#xF3;n --</subfield>
    <subfield code="g">Primera parte --</subfield>
    <subfield code="t">Determinantes del desempleo en la Rep&#xFA;blica Dominicana. Din&#xE1;mica temporal y microsimulaciones/</subfield>
    <subfield code="r">Nerys F. Ram&#xED;rez --</subfield>
    <subfield code="g">Segunda parte :</subfield>
    <subfield code="t">An&#xE1;lisis intertemporal de la hoja de balance de un banco central : el caso dominicano /</subfield>
    <subfield code="r">Ra&#xFA;l Ovalle Marte , Francisco A. Ram&#xED;rez de Le&#xF3;n --</subfield>
    <subfield code="g">Tercera parte :</subfield>
    <subfield code="t">Una estimaci&#xF3;n del costo en bienestar de la inflaci&#xF3;n para la Rep&#xFA;blica Dominicana/</subfield>
    <subfield code="r">Oscar Iv&#xE1;n Pascual V&#xE1;squez</subfield>
    <subfield code="g">Cuarta parte :</subfield>
    <subfield code="t">Riqueza e inclusi&#xF3;n financiera : un acercamiento a los costos de exclusi&#xF3;n financiera en la Rep&#xFA;blica Dominicana/</subfield>
    <subfield code="r">Ana Emilia Pimentel Rodr&#xED;guez, Carlos Alberto Delgado Urb&#xE1;ez</subfield>
    <subfield code="g">Quinta parte :</subfield>
    <subfield code="t">Educaci&#xF3;n financiera y la planificaci&#xF3;n para el retiro laboral en la Rep&#xFA;blica Dominicana : An&#xE1;lisis a partir de modelos de m&#xE1;xima verosimilitud para valiables cualitativos/</subfield>
    <subfield code="r">Pilar del Carmen Dolores Mateo Mej&#xED;a, Antonio Mar&#xED;a Giraldi Monci&#xF3;n</subfield>
  </datafield>
  <datafield tag="590" ind1=" " ind2=" ">
    <subfield code="a">Inventariado, 2018/ VM</subfield>
  </datafield>
  <datafield tag="650" ind1=" " ind2="4">
    <subfield code="a">Finanzas</subfield>
    <subfield code="x">Rep&#xFA;blica dominicana</subfield>
    <subfield code="v">CONGRESOS CONFERENCIAS,ETC.</subfield>
    <subfield code="9">75161</subfield>
  </datafield>
  <datafield tag="651" ind1=" " ind2="4">
    <subfield code="a">Rep&#xFA;blica Dominica</subfield>
    <subfield code="x">Pol&#xED;tica Econ&#xF3;mica</subfield>
    <subfield code="v">CONGRESOS CONFERENCIAS,ETC.</subfield>
    <subfield code="9">75171</subfield>
  </datafield>
  <datafield tag="651" ind1=" " ind2="4">
    <subfield code="a">Rep&#xFA;blica Dominicana</subfield>
    <subfield code="x">Condiciones Econ&#xF3;micas</subfield>
    <subfield code="v">CONGRESOS CONFERENCIAS,ETC.</subfield>
    <subfield code="9">7000</subfield>
  </datafield>
  <datafield tag="651" ind1=" " ind2="4">
    <subfield code="a">Pol&#xED;tica Monetaria</subfield>
    <subfield code="x">Rep&#xFA;blica Dominicana</subfield>
    <subfield code="v">CONGRESOS, CONFERENCIAS, ETC.</subfield>
    <subfield code="9">75172</subfield>
  </datafield>
  <datafield tag="700" ind1="1" ind2=" ">
    <subfield code="a">Ram&#xED;rez, Nerys F.</subfield>
    <subfield code="9">75173</subfield>
  </datafield>
  <datafield tag="700" ind1="1" ind2=" ">
    <subfield code="a">Alc&#xE1;ntara Alm&#xE1;nzar, Jos&#xE9;</subfield>
    <subfield code="d">1946-</subfield>
    <subfield code="e">ed.</subfield>
    <subfield code="9">7018</subfield>
  </datafield>
  <datafield tag="710" ind1="2" ind2=" ">
    <subfield code="a">Banco Central de la Rep&#xFA;blica Dominicana.</subfield>
    <subfield code="b">Departamento Cultural.</subfield>
    <subfield code="9">7006</subfield>
  </datafield>
  <datafield tag="830" ind1=" " ind2="0">
    <subfield code="a">Banco Central de la Rep&#xFA;blica Dominicana ;</subfield>
    <subfield code="v">237</subfield>
    <subfield code="p">Nueva literatura econ&#xF3;mica dominicana ;</subfield>
    <subfield code="n">21</subfield>
    <subfield code="9">75174</subfield>
  </datafield>
  <datafield tag="910" ind1=" " ind2=" ">
    <subfield code="a">Validado. Control de calidad MFF</subfield>
  </datafield>
  <datafield tag="942" ind1=" " ind2=" ">
    <subfield code="2">ddc</subfield>
    <subfield code="c">LBS1</subfield>
  </datafield>
  <datafield tag="952" ind1=" " ind2=" ">
    <subfield code="0">0</subfield>
    <subfield code="1">0</subfield>
    <subfield code="2">ddc</subfield>
    <subfield code="5">1</subfield>
    <subfield code="7">1</subfield>
    <subfield code="8">MO</subfield>
    <subfield code="a">BNPHU</subfield>
    <subfield code="b">PD</subfield>
    <subfield code="c">HD</subfield>
    <subfield code="d">2018-06-26</subfield>
    <subfield code="l">0</subfield>
    <subfield code="o">BNPHU PD 330.97293 C744n, 2016</subfield>
    <subfield code="p">47546-10</subfield>
    <subfield code="r">2020-06-25</subfield>
    <subfield code="w">2020-06-25</subfield>
    <subfield code="y">LBS1</subfield>
  </datafield>
  <datafield tag="952" ind1=" " ind2=" ">
    <subfield code="0">0</subfield>
    <subfield code="1">0</subfield>
    <subfield code="2">ddc</subfield>
    <subfield code="5">1</subfield>
    <subfield code="7">2</subfield>
    <subfield code="8">MO</subfield>
    <subfield code="a">BNPHU</subfield>
    <subfield code="b">PD</subfield>
    <subfield code="c">HD</subfield>
    <subfield code="d">2021-03-24</subfield>
    <subfield code="l">0</subfield>
    <subfield code="o">BNPHU PD 330.97293 C744n 2016</subfield>
    <subfield code="p">2021-1213</subfield>
    <subfield code="r">2021-03-24</subfield>
    <subfield code="t">e.2</subfield>
    <subfield code="w">2021-03-24</subfield>
    <subfield code="y">LBS1</subfield>
  </datafield>
  <datafield tag="952" ind1=" " ind2=" ">
    <subfield code="0">0</subfield>
    <subfield code="1">0</subfield>
    <subfield code="2">ddc</subfield>
    <subfield code="5">6</subfield>
    <subfield code="7">0</subfield>
    <subfield code="8">MO</subfield>
    <subfield code="a">BNPHU</subfield>
    <subfield code="b">GR</subfield>
    <subfield code="c">HD</subfield>
    <subfield code="d">2021-03-24</subfield>
    <subfield code="l">0</subfield>
    <subfield code="o">BNPHU DS 330.97293 C744n 2016</subfield>
    <subfield code="p">2021-1214</subfield>
    <subfield code="r">2021-03-24</subfield>
    <subfield code="t">e.3</subfield>
    <subfield code="w">2021-03-24</subfield>
    <subfield code="y">LBS1</subfield>
  </datafield>
  <datafield tag="952" ind1=" " ind2=" ">
    <subfield code="0">0</subfield>
    <subfield code="1">0</subfield>
    <subfield code="2">ddc</subfield>
    <subfield code="5">6</subfield>
    <subfield code="7">0</subfield>
    <subfield code="8">MO</subfield>
    <subfield code="a">BNPHU</subfield>
    <subfield code="b">GR</subfield>
    <subfield code="c">HD</subfield>
    <subfield code="d">2021-03-24</subfield>
    <subfield code="l">0</subfield>
    <subfield code="o">BNPHU DS 330.97293 C744n 2016</subfield>
    <subfield code="p">2021-1215</subfield>
    <subfield code="r">2021-03-24</subfield>
    <subfield code="t">e.4</subfield>
    <subfield code="w">2021-03-24</subfield>
    <subfield code="y">LBS1</subfield>
  </datafield>
  <datafield tag="999" ind1=" " ind2=" ">
    <subfield code="c">47034</subfield>
    <subfield code="d">47034</subfield>
  </datafield>
</record>
